| 000 | 00484nam a22001457a 4500 | ||
|---|---|---|---|
| 003 | URS | ||
| 005 | 20250904115928.0 | ||
| 008 | 250904b |||||||| |||| 00| 0 eng d | ||
| 100 | _aAdvincula, Coraleen L. | Nanzuela, Emmalyn B. | Magbuhat, Alyssa Mae DL. | ||
| 245 | _aHackman and Oldhams Job Cgaracteristics Model Applied by Brilliant Skin Essentials in Morong Rizal | ||
| 260 | _c2024 | ||
| 502 |
_aThesis _bBSBA HRM _cURS _d2024 |
||
| 700 |
_aBilly M. Ines _eAdviser |
||
| 942 |
_2lcc _cT |
||
| 999 |
_c85782 _d85780 |
||